| 000 | 00635nam a2200145 a 4500 | ||
|---|---|---|---|
| 008 | 151130s2005 ||||||||||||||||| || u | ||
| 020 | _a9781574444988 | ||
| 050 | _aQP 625.N89 Vag | ||
| 100 | _aVaghefi, Morteza | ||
| 245 | 1 | 0 |
_aNucleoside triphosphates and their analogs: chemistry, biotechnology, and biological applications _cBy Morteza Vaghefi |
| 260 |
_aBoca Raton _bTaylor & Francis _c2005 |
||
| 300 | _a393p.: ill. | ||
| 650 | _aNUCLEOTIDES | ||
| 995 |
_aMEDICAL LIBRARY OPEN ACCESS _e903173 _FCBU-SCHOOL OF MEDICINE LIBRARY (Ndola) _I194.95 _jQP 625.N89 Vag _M1 _UAVAILABLE _WDec 14, 2015 _y903173 _ZMedical Library Open Access Collection |
||
| 999 |
_c32188 _d32188 |
||